000
00209nam a2200097Ia 4500
008
240331s9999 xx 000 0 und d
082
_b
ASO
100
_a
Asoka, M
245
0
_a
Sirakodintha paravaikal
942
_c
L
999
_c
3997
_d
3997